| 000 | 00732nam a2200229 a 4500 | ||
|---|---|---|---|
| 003 | MX-MxUPN | ||
| 005 | 20240530063616.0 | ||
| 008 | 991125s1881 mx br 000 0 spa d | ||
| 035 | _aUPN01000006901 | ||
| 040 |
_aMX-MxUPN _bspa _cMX-MxUPN |
||
| 041 | _aspa | ||
| 050 | 0 | 4 |
_aPC2111 _bG62 |
| 100 | 1 |
_aGorostieta, M. _952089 |
|
| 245 | 1 | 0 |
_aCartilla de prosodia francesa : _bcuyas reglas están tomadas de los mejores gramáticos |
| 260 |
_aToluca : _bImprenta del Instituto Literario, _c1881. |
||
| 300 | _a24 páginas | ||
| 500 | _a"Para uso de las escuelas de la República Mexicana" | ||
| 650 | 4 |
_aFrances _xDicción _xEstudio y enseñanza _923889 |
|
| 902 | _bMaríaRobles/290524 | ||
| 905 | _aLibro | ||
| 942 |
_2lcc _cLIBRO _n0 |
||
| 999 |
_c6901 _d6901 |
||